| 000 | 00419nam a2200181Ia 4500 | ||
|---|---|---|---|
| 005 | 20250423100753.0 | ||
| 008 | 250422s9999 xx 000 0 und d | ||
| 020 | _a0393978443 | ||
| 050 | _aHM 585 .R427/ | ||
| 100 | _aMassey, Garth | ||
| 245 | 0 | _aReading for sociology | |
| 250 | _a4th ed. | ||
| 260 | _aNew York | ||
| 260 | _bW. W. Norton & Company, Inc. | ||
| 260 | _c2003 | ||
| 300 | _a496 p | ||
| 942 | _cBK | ||
| 999 |
_c34289 _d34289 |
||